|
|
|
|
| LEADER |
00663nam a2200193 4500 |
| 020 |
|
|
|c 195
|
| 082 |
|
|
|a 650.0212 MUJ
|
| 100 |
|
|
|a Mujawar, Chidanand S; Joshi, Arvind K
|
| 245 |
|
|
|a Statistics for managers
|c Mujawar, Chidanand S; Joshi, Arvind K
|
| 250 |
|
|
|
| 260 |
|
|
|a I K International Publishing House
|c 2011
|
| 300 |
|
|
|a 279 p
|
| 490 |
|
|
|
| 500 |
|
|
|
| 590 |
|
|
|a Current Books(India) Pvt Ltd
|b Bill No
|
| 650 |
|
|
|a Statistics for business management--Quantitative and qualitative techniques
|
| 942 |
|
|
|c BK
|
| 999 |
|
|
|c 147411
|d 147411
|
| 952 |
|
|
|0 0
|1 0
|4 0
|6 650_021200000000000_MUJ
|7 0
|9 160871
|a IMK
|b IMK
|g 195.00
|l 0
|o 650.0212 MUJ
|p IMK13773
|r 2019-10-25
|w 2019-10-25
|y BK
|